000 00691cam a22002171 4500
001 BD-DhSAU 6970
003 BD-DhSAU
005 20150516122531.0
008 840911s1959 sw a rb 011 0 eng
040 _aBD-DhSAU
082 0 0 _a312
_222
_bGRP
245 1 0 _aProbability and statistics :
_bthe Harald Cramér volume /
_cedited by Ulf Grenander.
260 _aStockholm :
_bAlmqvist & Wiksell :
_aNew York :
_bWiley,
_cc1959.
300 _a434 p. :
_bill. ;
_c24 cm.
440 0 _aWiley publications in statistics
504 _aIncludes bibliographical references and index.
590 _ajoy
650 0 _aProbabilities.
650 0 _aMathematical statistics.
700 _aGrenander, Ulf,
942 _2ddc
_cBOOK
999 _c6970
_d6970